书目信息 |
| 题名: |
自救电脑不求人
|
|
| 作者: | 林东和 编著 | |
| 分册: | ||
| 出版信息: | 北京 人民邮电出版社 1998.08 |
|
| 页数: | 207页 | |
| 开本: | 16开 | |
| 丛书名: | ||
| 单 册: | ||
| 中图分类: | ||
| 科图分类: | ||
| 主题词: | 微型计算机 | |
| 电子资源: | ||
| ISBN: | 7-115-07198-5 | |
| 000 | 00584nam0 2200217 45 | |
| 001 | 9911290827 | |
| 005 | 19991129165616.8 | |
| 010 | @a7-115-07198-5@d23.00元 | |
| 100 | @a19991129d1998 km y0chiy0120 ea | |
| 101 | @achi | |
| 105 | @a z 000yy | |
| 200 | 1 | @a自救电脑不求人@AZi Jiu Dian Nao Bu Qiu Ren@f林东和编著@FLin Dong He Bian Zhu |
| 205 | @a5 | |
| 210 | @a北京@c人民邮电出版社@d1998.08 | |
| 215 | @a207页@d16开 | |
| 606 | 0 | @a微型计算机 |
| 690 | @v3 | |
| 690 | @aTP36@v3 | |
| 701 | @a林东和@4编著 | |
| 801 | @aCN@bPFTUser@c19991129 | |
| 905 | @f3@b44856-858@dTP36@eL290/6 | |
| 自救电脑不求人/林东和编著.-5.-北京:人民邮电出版社,1998.08 |
| 207页;16开 |
| ISBN 7-115-07198-5:23.00元 |
| ● |
| 相关链接 |
|
|
|
正题名:自救电脑不求人
索取号:TP36/L290/6
 
预约/预借
| 序号 | 登录号 | 条形码 | 馆藏地/架位号 | 状态 | 备注 |
| 1 | 44858 | 200448587 | 自科库301/301自科库 85排2列5层/ [索取号:TP36/L290/6] | 在馆 |